[Event "XII Open Primavera"]
[Site "Robecchetto con Induno ITA"]
[Date "2015.04.23"]
[Round "4"]
[White "Rossi, Emanuele"]
[Black "Nava, Mario"]
[WhiteElo "1630"]
[BlackElo "1296"]
[Result "1-0"]
[PlyCount "91"]
[EventDate "2015.04.02"]

1. e4 c5 2. d4 cxd4 3. c3 dxc3 4. Nxc3 e6 5. Nf3 Bb4 6. Bd2 Nc6 7. Bc4 Nf6 8.
Qe2 h6 9. O-O O-O 10. e5 Nh7 11. Ne4 Bxd2 12. Qxd2 a6 13. Nd6 Qa5 14. Qe3 b5
15. Bd3 Qd8 16. Be4 Ng5 17. Bxc6 dxc6 18. Nd4 Bd7 19. f4 Nh7 20. Rf3 c5 21. Nb3
c4 22. Nc5 Bc6 23. Rg3 Rb8 24. Qe2 Qb6 25. Qf2 Rfd8 26. f5 exf5 27. Nxf5 g6 28.
Nxh6+ Kg7 29. Qxf7+ Kh8 30. Qe7 Rb7 31. Nf7+ Kg7 32. Rxg6+ Kxg6 33. Qe6+ Kg7
34. Nxd8 Qxc5+ 35. Kh1 Re7 36. Qg4+ Kh8 37. Rf1 Rg7 38. Nf7+ Kg8 39. Nh6+ Kh8
40. Qc8+ Nf8 41. Rxf8+ Qxf8 42. Qxf8+ Kh7 43. Ng4 Bxg2+ 44. Kxg2 Rxg4+ 45. Kf3
Rg6 46. e6 1-0

[Event "XII Open Primavera"]
[Site "Robecchetto con Induno ITA"]
[Date "2015.04.23"]
[Round "4"]
[White "Santarelli, Sabatino"]
[Black "Moroni, Luca"]
[WhiteElo "1614"]
[BlackElo "1824"]
[Result "1/2-1/2"]
[PlyCount "70"]
[EventDate "2015.04.02"]

1. d4 d6 2. c4 Nf6 3. Nc3 g6 4. e4 Bg7 5. Nf3 Na6 6. Be2 c5 7. d5 O-O 8. O-O
Nc7 9. h3 a6 10. a4 Nce8 11. Rb1 Nd7 12. Bf4 Rb8 13. Qd2 Nef6 14. e5 dxe5 15.
Nxe5 Nxe5 16. Bxe5 Ra8 17. Qf4 Ne8 18. Bxg7 Kxg7 19. Ne4 Bf5 20. Bd3 Bxe4 21.
Qxe4 Nf6 22. Qe3 Qd6 23. Be2 Rab8 24. Rfe1 Rfe8 25. Qc3 Kg8 26. Bf3 b5 27. axb5
axb5 28. b3 bxc4 29. bxc4 Rxb1 30. Rxb1 Rb8 31. Rxb8+ Qxb8 32. Qe3 Qd6 33. g3
Nd7 34. Kg2 Kg7 35. Be2 Qf6 1/2-1/2

[Event "XII Open Primavera"]
[Site "Robecchetto con Induno ITA"]
[Date "2015.04.23"]
[Round "4"]
[White "Serrao, Piergiorgio"]
[Black "Colusso, Ermes"]
[WhiteElo "1682"]
[BlackElo "1752"]
[Result "0-1"]
[PlyCount "78"]
[EventDate "2015.04.02"]

1. d4 Nf6 2. c4 c5 3. d5 e6 4. Nc3 exd5 5. cxd5 d6 6. e4 g6 7. h3 Bg7 8. Nf3
O-O 9. Bd3 Na6 10. O-O Re8 11. Re1 Nc7 12. Qc2 a6 13. a4 Rb8 14. a5 Bd7 15. Bf4
Bb5 16. Nd2 Qd7 17. Nc4 Bxc4 18. Bxc4 b5 19. axb6 Rxb6 20. f3 Nb5 21. Rxa6 Nd4
22. Qd1 Rxa6 23. Bxa6 Rb8 24. Qd2 Nh5 25. Bh2 h6 26. Rb1 g5 27. Bf1 Rb6 28. Nd1
Rb3 29. Kh1 Qe7 30. Ne3 Be5 31. Nf5 Nxf5 32. exf5 Bxh2 33. Kxh2 Qe5+ 34. Kg1
Qxf5 35. Rd1 Qf6 36. Rb1 Ng3 37. Bc4 Qf5 38. Bxb3 Qxb1+ 39. Kh2 Nf1+ 0-1

[Event "XII Open Primavera"]
[Site "Robecchetto con Induno ITA"]
[Date "2015.05.07"]
[Round "5"]
[White "Aspesi, Davide"]
[Black "Garcia Rubi, Juan"]
[WhiteElo "1817"]
[BlackElo "1422"]
[Result "1-0"]
[PlyCount "67"]
[EventDate "2015.04.02"]

1. c4 e5 2. Nc3 Nf6 3. Nf3 Nc6 4. e4 Bc5 5. h3 O-O 6. d3 h6 7. Be2 d6 8. a3 Nd4
9. Nh2 a6 10. b4 Ba7 11. O-O Bd7 12. Rb1 b5 13. cxb5 axb5 14. Kh1 Bb6 15. f4
exf4 16. Rxf4 Ne6 17. Rf1 Bd4 18. Bb2 Bxc3 19. Bxc3 Rxa3 20. Bxf6 gxf6 21. Qc1
Nd4 22. Bh5 Rxd3 23. Qxh6 Rg3 24. Rxf6 Rg7 25. Rbf1 Qe7 26. Qe3 Qe5 27. Ng4
Qxh5 28. Rh6 Bxg4 29. Rxh5 Bxh5 30. Qxd4 Be2 31. Rf5 Bc4 32. g4 Ra8 33. Qf6
Ra1+ 34. Qxa1 1-0

[Event "XII Open Primavera"]
[Site "Robecchetto con Induno ITA"]
[Date "2015.05.07"]
[Round "5"]
[White "Colusso, Ermes"]
[Black "Cecchini, Massimo S."]
[WhiteElo "1752"]
[BlackElo "1757"]
[Result "0-1"]
[PlyCount "36"]
[EventDate "2015.04.02"]

1. e4 c6 2. d4 d5 3. exd5 cxd5 4. c4 Nf6 5. Nc3 Nc6 6. Bg5 dxc4 7. Bxf6 exf6 8.
Bxc4 Qxd4 9. Qxd4 Nxd4 10. Bb5+ Nxb5 11. Nxb5 Bb4+ 12. Kf1 O-O 13. a3 Be6 14.
Nc7 Bc4+ 15. Ne2 Rac8 16. axb4 Rxc7 17. Rc1 Re8 18. Rc2 Bxe2+ 0-1

[Event "XII Open Primavera"]
[Site "Robecchetto con Induno ITA"]
[Date "2015.05.07"]
[Round "5"]
[White "Cunati, Valerio"]
[Black "Giusti, Francesco"]
[WhiteElo "1699"]
[BlackElo "1574"]
[Result "1-0"]
[PlyCount "57"]
[EventDate "2015.04.02"]

1. d4 d5 2. Nf3 g6 3. Nc3 Bg7 4. Bf4 Nc6 5. Nb5 e5 6. dxe5 Be6 7. e3 a6 8. Nbd4
Qd7 9. Be2 h6 10. O-O g5 11. Bg3 g4 12. Nh4 h5 13. f4 gxf3 14. Nhxf3 Bg4 15.
Ng5 Nh6 16. e6 fxe6 17. Bxg4 Nxd4 18. Bxh5+ Kd8 19. exd4 Nf5 20. Nf7+ Kc8 21.
Nxh8 Bxh8 22. Qg4 b6 23. Bf2 Kb7 24. c3 Nh6 25. Qf4 Nf5 26. Bg3 Bf6 27. Bg6 Rf8
28. Bxf5 exf5 29. Rae1 1-0

[Event "XII Open Primavera"]
[Site "Robecchetto con Induno ITA"]
[Date "2015.05.07"]
[Round "5"]
[White "Fortes Serra, Jordi"]
[Black "Mereghetti, Marco"]
[WhiteElo "1478"]
[BlackElo "1762"]
[Result "0-1"]
[PlyCount "44"]
[EventDate "2015.04.02"]

1. Nf3 Nf6 2. d4 g6 3. c4 Bg7 4. Nc3 d5 5. cxd5 Nxd5 6. e4 Nxc3 7. bxc3 O-O 8.
Bc4 c5 9. O-O Nc6 10. Bb2 cxd4 11. cxd4 Bg4 12. d5 Bxb2 13. Rb1 Na5 14. Rxb2
Nxc4 15. Rxb7 Nb6 16. Qb3 Bc8 17. Ng5 Bxb7 18. Qh3 h5 19. f4 Bc8 20. f5 Nxd5
21. exd5 Qxd5 22. g4 Qd4+ 0-1

[Event "XII Open Primavera"]
[Site "Robecchetto con Induno ITA"]
[Date "2015.05.07"]
[Round "5"]
[White "Libutti, Michele"]
[Black "Ragoso, Mario"]
[WhiteElo "1747"]
[BlackElo "1628"]
[Result "0-1"]
[PlyCount "138"]
[EventDate "2015.04.02"]

1. d4 Nf6 2. c4 g6 3. Nc3 Bg7 4. e4 d6 5. f4 O-O 6. Nf3 Nfd7 7. Be2 e5 8. fxe5
dxe5 9. d5 a5 10. Be3 Na6 11. O-O Nac5 12. Qc2 Qe7 13. b3 Nf6 14. Bg5 h6 15.
Bxf6 Bxf6 16. h3 Bd7 17. a3 g5 18. Nh2 b6 19. Bg4 Be8 20. b4 Nb7 21. Qf2 Bg7
22. Rab1 Nd6 23. c5 Nb5 24. Nxb5 Bxb5 25. Rfd1 Rfd8 26. cxb6 axb4 27. bxc7 Qxc7
28. Rdc1 Qd6 29. axb4 Rdb8 30. Qc5 Bf8 31. Nf1 Bd3 32. Qxd6 Bxd6 33. Rb3 Bxe4
34. Ne3 Rxb4 35. Rxb4 Bxb4 36. Rc4 Ra1+ 37. Kh2 Re1 38. Rxe4 Bc5 39. Rxe5 Bd6
40. Nc4 Bxe5+ 41. Nxe5 Rxe5 42. Bf3 Kf8 43. Kg3 f5 44. Kf2 Ke7 45. g3 Kd6 46.
h4 Rxd5 47. Bxd5 Kxd5 48. Kf3 Kd4 49. h5 Ke5 50. Ke3 g4 51. Kd3 Kf6 52. Kd4 Ke6
53. Kd3 Ke5 54. Ke3 f4+ 55. gxf4+ Kf5 56. Ke2 Kxf4 57. Kf2 Kg5 58. Kg3 Kxh5 59.
Kg2 Kg5 60. Kg3 h5 61. Kg2 Kf4 62. Kf2 h4 63. Kg2 Ke3 64. Kh2 Kf2 65. Kh1 h3
66. Kh2 g3+ 67. Kh1 g2+ 68. Kh2 g1=Q+ 69. Kxh3 Qg3# 0-1

[Event "XII Open Primavera"]
[Site "Robecchetto con Induno ITA"]
[Date "2015.05.07"]
[Round "5"]
[White "Macchiettini, Pierangelo"]
[Black "Novi', Giuseppe"]
[WhiteElo "1674"]
[BlackElo "1872"]
[Result "0-1"]
[PlyCount "67"]
[EventDate "2015.04.02"]

1. d4 Nf6 2. Nf3 d6 3. e3 g6 4. c4 Bg7 5. Nc3 Nbd7 6. Qc2 O-O 7. e4 c5 8. d5
Ng4 9. Be2 Nge5 10. Nd2 Nb8 11. f4 Ng4 12. Nf3 Na6 13. a3 f5 14. Bd3 fxe4 15.
Bxe4 Nh6 16. O-O Nf5 17. Ne2 Rb8 18. Bd3 b5 19. cxb5 Nc7 20. a4 Nxd5 21. Bc4 e6
22. Ra3 Bb7 23. Ng5 Rf6 24. Ne4 Rf8 25. Ng5 Re8 26. Ne4 Nf6 27. Ng5 d5 28. Bd3
c4 29. Bxf5 exf5 30. h3 Ne4 31. Nf3 Rc8 32. Be3 Qa5 33. Ned4 Bf8 34. Kh2 0-1

[Event "XII Open Primavera"]
[Site "Robecchetto con Induno ITA"]
[Date "2015.05.07"]
[Round "5"]
[White "Moroni, Luca"]
[Black "Frignani, Alessandro"]
[WhiteElo "1824"]
[BlackElo "1394"]
[Result "1-0"]
[PlyCount "95"]
[EventDate "2015.04.02"]

1. d4 d5 2. Nf3 Bf5 3. Bf4 Nc6 4. a3 Nf6 5. Nc3 a6 6. e3 Qd7 7. Bd3 Bg6 8. h3
e6 9. Ne5 Nxe5 10. Bxe5 Be7 11. Qd2 Qc6 12. O-O Rg8 13. b4 b5 14. Rfb1 Ne4 15.
Nxe4 dxe4 16. Be2 f6 17. Bg3 Rd8 18. Qe1 Kf7 19. Rc1 Rb8 20. c4 Qb6 21. cxb5
Rgc8 22. Rc6 Qa7 23. Rxa6 Qb7 24. Rc1 Bd8 25. Rcc6 Ra8 26. Rxe6 Rxa6 27. Rxa6
Kf8 28. Qc3 Be8 29. a4 Be7 30. Bg4 Ra8 31. Qxc7 Qxc7 32. Bxc7 Rxa6 33. bxa6
Bxa4 34. Bc8 Ke8 35. Bb7 Kd7 36. Bf4 Bc6 37. Bxc6+ Kxc6 38. b5+ Kb6 39. Kf1 Ka7
40. Ke1 Bb4+ 41. Kd1 h5 42. Kc2 h4 43. d5 Ba5 44. Bd6 Bd8 45. Bc5+ Ka8 46. b6
Kb8 47. Bd6+ Ka8 48. b7+ 1-0

[Event "XII Open Primavera"]
[Site "Robecchetto con Induno ITA"]
[Date "2015.05.04"]
[Round "5"]
[White "Nava, Mario"]
[Black "Koureas, Panicos"]
[WhiteElo "1296"]
[BlackElo "1470"]
[Result "1/2-1/2"]
[PlyCount "94"]
[EventDate "2015.04.02"]

1. Nf3 d5 2. d4 Nf6 3. c4 dxc4 4. Nc3 e6 5. e4 Bb4 6. Bxc4 Nxe4 7. Qc2 Nxc3 8.
bxc3 Be7 9. O-O O-O 10. Re1 c6 11. a4 Nd7 12. Bf4 Nb6 13. Ba2 Nd5 14. Bb1 f5
15. Bd2 Bd6 16. h3 Qf6 17. Ne5 Ne7 18. Qc1 h6 19. c4 c5 20. Bc3 Ng6 21. Nxg6
Qxg6 22. d5 e5 23. Bxe5 Bxe5 24. Rxe5 Qf6 25. Qe1 Bd7 26. Ra3 Rae8 27. Rxe8
Rxe8 28. Re3 Rxe3 29. Qxe3 Qa1 30. Qd3 Qxa4 31. Kh2 Qa1 32. Bc2 Qe5+ 33. g3 a5
34. Kg2 g6 35. h4 Kg7 36. Qd2 b6 37. Bd1 Qe4+ 38. Bf3 Qxc4 39. Qe3 Bb5 40. Qe7+
Kg8 41. d6 Qf1+ 42. Kh2 Qxf2+ 43. Bg2 Bc6 44. Qe6+ Kg7 45. Qe7+ Kg8 46. Qd8+
Kf7 47. Qe7+ Kg8 1/2-1/2

[Event "XII Open Primavera"]
[Site "Robecchetto con Induno ITA"]
[Date "2015.05.07"]
[Round "5"]
[White "Pappalardo, Antonio"]
[Black "Serrao, Piergiorgio"]
[WhiteElo "1659"]
[BlackElo "1682"]
[Result "1-0"]
[PlyCount "112"]
[EventDate "2015.04.02"]

1. d4 d5 2. c4 e6 3. Nc3 Nf6 4. cxd5 exd5 5. Bg5 Be7 6. Qc2 c6 7. Nf3 O-O 8. e3
Nbd7 9. Bd3 Re8 10. h3 Nf8 11. Ne5 N6d7 12. Bf4 Nxe5 13. Bxe5 Bd6 14. Bxd6 Qxd6
15. O-O-O Be6 16. Kb1 Qc7 17. f4 Rac8 18. Rc1 Re7 19. f5 Bxf5 20. Bxf5 Rd8 21.
Qf2 Qb8 22. Rhe1 Rde8 23. Bd3 Qd8 24. e4 dxe4 25. Rxe4 Rxe4 26. Bxe4 Qb6 27.
Rf1 Qc7 28. Bc2 Re6 29. Bb3 Rf6 30. Qe1 Rxf1 31. Qxf1 Qd7 32. Qf2 Ne6 33. d5
cxd5 34. Bxd5 b6 35. Bxe6 Qxe6 36. g4 h6 37. Qe2 Qc6 38. Qe4 Qd7 39. Qd5 Qe7
40. Qa8+ Kh7 41. Qe4+ Qxe4+ 42. Nxe4 Kg6 43. Kc2 f5 44. Nf2 f4 45. h4 Kf7 46.
Kd3 g5 47. hxg5 hxg5 48. Ke4 Ke6 49. Nh3 Kf6 50. Nf2 Ke6 51. Nd3 a5 52. b3 Kf6
53. Nb2 b5 54. Nd3 Ke6 55. a3 Kd6 56. Kd4 b4 1-0

[Event "XII Open Primavera"]
[Site "Robecchetto con Induno ITA"]
[Date "2015.05.04"]
[Round "5"]
[White "Puricelli, Roberto"]
[Black "Fadali, Mustafa"]
[WhiteElo "1521"]
[BlackElo "1866"]
[Result "0-1"]
[PlyCount "77"]
[EventDate "2015.04.02"]

1. e4 c5 2. Nf3 d6 3. d4 cxd4 4. Nxd4 Nf6 5. Nc3 a6 6. Bd3 e6 7. O-O Be7 8. Kh1
Qc7 9. f4 b5 10. a3 Bb7 11. Qe2 Nbd7 12. f5 e5 13. Nf3 h6 14. Be3 Ng4 15. Bg1
Ndf6 16. Rad1 h5 17. Qe1 h4 18. h3 Nh6 19. Nxh4 Nh5 20. Bh2 O-O-O 21. Nf3 Nf4
22. Bxf4 exf4 23. Nd5 Bxd5 24. exd5 Ng4 25. f6 Nxf6 26. Bf5+ Kb8 27. Ng5 Rh5
28. h4 Rdh8 29. Bh3 Rxh4 30. Rd4 Nh5 31. Nf3 Ng3+ 32. Kg1 Nxf1 33. Nxh4 Bxh4
34. Qxf1 Qc5 35. Qxf4 Bf6 36. c3 Rh4 37. Bg4 Bxd4+ 38. cxd4 Qxd5 39. g3 0-1

[Event "XII Open Primavera"]
[Site "Robecchetto con Induno ITA"]
[Date "2015.05.07"]
[Round "5"]
[White "Rancati, David"]
[Black "Bianchi, Alberto"]
[WhiteElo "1577"]
[BlackElo "1888"]
[Result "0-1"]
[PlyCount "74"]
[EventDate "2015.04.02"]

1. f4 d5 2. Nf3 Nf6 3. e3 Bf5 4. d3 h6 5. Be2 e6 6. O-O Bc5 7. Kh1 Nbd7 8. Qe1
Qe7 9. Nc3 O-O-O 10. a3 g5 11. b4 Bd6 12. Nd4 c6 13. Na4 Bg4 14. Bb2 e5 15.
fxe5 Qxe5 16. Nf3 Qxe3 17. Bd4 Qf4 18. Bg1 Rhe8 19. Qf2 Bb8 20. Nd4 Bxe2 21.
Nxe2 Qd2 22. Nd4 Qxf2 23. Rxf2 Be5 24. Rff1 Ng4 25. Rab1 Nxh2 26. Rxf7 Rf8 27.
Rxf8 Rxf8 28. Nxc6 bxc6 29. Bxh2 Bxh2 30. Kxh2 Rf2 31. Rb2 Ne5 32. Kg3 Rf1 33.
Nc5 h5 34. Ne6 h4+ 35. Kh2 Ng4+ 36. Kh3 Nf2+ 37. Kh2 Rh1# 0-1

[Event "XII Open Primavera"]
[Site "Robecchetto con Induno ITA"]
[Date "2015.05.07"]
[Round "5"]
[White "Rutigliano, Cesare"]
[Black "Pizzolato, Roberto"]
[WhiteElo "1639"]
[BlackElo "1749"]
[Result "0-1"]
[PlyCount "42"]
[EventDate "2015.04.02"]

1. e4 e5 2. d4 exd4 3. Qxd4 Nc6 4. Qe3 Nf6 5. Nc3 Bb4 6. Bd2 O-O 7. O-O-O Re8
8. Bd3 d5 9. Qg3 d4 10. Nb5 Nxe4 11. Bxe4 Rxe4 12. Bxb4 Nxb4 13. Qxc7 Qg5+ 14.
Kb1 Qxb5 15. Nf3 Qc6 16. Qa5 Qxc2+ 17. Ka1 Nc6 18. Qc7 Be6 19. Rc1 Qa4 20. a3
Qb3 21. Kb1 Re2 0-1

[Event "XII Open Primavera"]
[Site "Robecchetto con Induno ITA"]
[Date "2015.05.07"]
[Round "5"]
[White "Santarelli, Sabatino"]
[Black "Rossi, Emanuele"]
[WhiteElo "1614"]
[BlackElo "1630"]
[Result "1-0"]
[PlyCount "83"]
[EventDate "2015.04.02"]

1. d4 c5 2. Nf3 cxd4 3. Nxd4 e5 4. Nb3 Nf6 5. Bg5 Be7 6. e3 O-O 7. Be2 d5 8.
O-O Nc6 9. h3 Be6 10. c3 h6 11. Bh4 g5 12. Bg3 Ne4 13. Bh2 f5 14. N1d2 Nf6 15.
Nf3 Bd6 16. Rc1 Rf7 17. c4 g4 18. hxg4 fxg4 19. cxd5 Bxd5 20. Nfd2 Rg7 21. Bc4
e4 22. Bxd6 Qxd6 23. Nxe4 Nxe4 24. Qxd5+ Kh8 25. Qxe4 Rf8 26. Nd4 Nxd4 27. Qxd4
Qg6 28. Bd3 Qg5 29. Rc7 h5 30. Rxb7 Rd8 31. Qxg7+ Qxg7 32. Rxg7 Kxg7 33. Rd1
Kf6 34. g3 Rb8 35. b3 Rb6 36. Bc4 Rc6 37. a4 a6 38. Rd5 Kg6 39. Kg2 Rf6 40. Ra5
h4 41. gxh4 Rf3 42. Rg5+ 1-0

[Event "XII Open Primavera"]
[Site "Robecchetto con Induno ITA"]
[Date "2015.05.07"]
[Round "5"]
[White "Vada, Riccardo"]
[Black "Ongaro, Andrea"]
[WhiteElo "1797"]
[BlackElo "1708"]
[Result "1-0"]
[PlyCount "91"]
[EventDate "2015.04.02"]

1. e4 c5 2. Nc3 a6 3. Nf3 Nc6 4. d4 cxd4 5. Nxd4 e5 6. Nb3 d6 7. Be3 Rb8 8. Bc4
Be6 9. Bxe6 fxe6 10. O-O Nf6 11. Qe2 Be7 12. Rad1 O-O 13. Qc4 Qc8 14. a4 Nd8
15. Qe2 Qc6 16. Bg5 Nf7 17. Bh4 Rfe8 18. h3 b5 19. axb5 axb5 20. Rfe1 b4 21.
Na2 Rec8 22. Rd2 Qc4 23. Qf3 Qa6 24. Nac1 Rc4 25. Nd3 Rbc8 26. Bxf6 Bxf6 27.
Qg4 d5 28. Ra1 Qd6 29. Re2 Nh6 30. Qf3 Nf7 31. Ra7 R4c7 32. Rxc7 Rxc7 33. Qg3
d4 34. Nbc1 Ng5 35. f4 Nf7 36. fxe5 Nxe5 37. Rf2 Nf7 38. Qxd6 Nxd6 39. e5 Ne4
40. Rf4 Bg5 41. Rxe4 Rxc2 42. Nb3 Be3+ 43. Kh2 Re2 44. Rg4 Rd2 45. Nxd2 Bxd2
46. Rxd4 1-0

[Event "XII Open Primavera"]
[Site "Robecchetto con Induno ITA"]
[Date "2015.05.04"]
[Round "5"]
[White "Zanin, Fabio"]
[Black "Barrera, Pietro"]
[WhiteElo "1656"]
[BlackElo "1830"]
[Result "0-1"]
[PlyCount "78"]
[EventDate "2015.04.02"]

1. e4 c5 2. Nf3 Nc6 3. d4 cxd4 4. Nxd4 g6 5. Nc3 Bg7 6. Be3 Nf6 7. Be2 O-O 8.
Qd2 d6 9. f3 a6 10. h4 Nxd4 11. Bxd4 Be6 12. h5 Qa5 13. hxg6 fxg6 14. Nd1 Qxd2+
15. Kxd2 Nxe4+ 16. fxe4 Bxd4 17. c3 Be5 18. Ne3 Bf4 19. a3 d5 20. Bf3 Rad8 21.
Ke2 dxe4 22. Bxe4 Bxe3 23. Kxe3 Bd5 24. Bxd5+ Rxd5 25. Rad1 Rfd8 26. Rxd5 Rxd5
27. Rf1 Re5+ 28. Kd3 e6 29. b4 Rd5+ 30. Ke3 b5 31. Rf6 Rd6 32. Ke4 Rc6 33. Rf3
h5 34. Ke5 Kg7 35. Kd4 g5 36. Ke5 g4 37. Re3 Kg6 38. Kf4 Kf6 39. Rd3 Rc4+ 0-1

[Event "XII Open Primavera"]
[Site "Robecchetto con Induno ITA"]
[Date "2015.05.14"]
[Round "6"]
[White "Aspesi, Davide"]
[Black "Santarelli, Sabatino"]
[WhiteElo "1817"]
[BlackElo "1614"]
[Result "1-0"]
[PlyCount "75"]
[EventDate "2015.04.02"]

1. c4 c5 2. Nc3 Nc6 3. Nf3 Nf6 4. e3 g6 5. d4 cxd4 6. exd4 Bg7 7. Be3 d6 8. h3
O-O 9. Bd3 Nb4 10. Bb1 Bd7 11. a3 Na6 12. Ba2 Nc7 13. a4 a5 14. Qd2 Na6 15. Bb1
Rc8 16. b3 Re8 17. O-O Nb4 18. Bg5 Bc6 19. d5 Bd7 20. Re1 Na6 21. Bc2 Nc5 22.
Rab1 Rb8 23. Re2 e5 24. Rbe1 Qc8 25. Bxf6 Bxf6 26. Ne4 Nxe4 27. Bxe4 b6 28. Qh6
Qd8 29. g4 Bg7 30. Qh4 Qxh4 31. Nxh4 Rf8 32. Bc2 Bf6 33. Ng2 h6 34. Kh2 g5 35.
Ne3 Kg7 36. Nf1 Rh8 37. Ng3 Rbd8 38. Nh5+ 1-0

[Event "XII Open Primavera"]
[Site "Robecchetto con Induno ITA"]
[Date "2015.05.14"]
[Round "6"]
[White "Bianchi, Alberto"]
[Black "Libutti, Michele"]
[WhiteElo "1888"]
[BlackElo "1747"]
[Result "1-0"]
[PlyCount "67"]
[EventDate "2015.04.02"]

1. Nf3 d5 2. g3 Nf6 3. d4 Bf5 4. Bg2 e6 5. O-O c5 6. c4 Nc6 7. cxd5 exd5 8. Bg5
h6 9. Bxf6 Qxf6 10. Qb3 c4 11. Qb5 Be4 12. Nc3 a6 13. Qa4 Bb4 14. Nxe4 dxe4 15.
Ne5 b5 16. Qc2 Nxe5 17. Qxe4 O-O 18. dxe5 Qe7 19. Rad1 Rad8 20. f4 Rfe8 21. Bf3
Rxd1 22. Rxd1 Rd8 23. Rxd8+ Qxd8 24. e6 Qb6+ 25. Kg2 Qxe6 26. Qa8+ Kh7 27. e4
Qd6 28. e5 Qd2+ 29. Kh3 Qxb2 30. Be4+ g6 31. Qb7 Kg7 32. Bd5 h5 33. Qxf7+ Kh6
34. Be4 1-0

[Event "XII Open Primavera"]
[Site "Robecchetto con Induno ITA"]
[Date "2015.05.14"]
[Round "6"]
[White "Cecchini, Massimo S."]
[Black "Moroni, Luca"]
[WhiteElo "1757"]
[BlackElo "1824"]
[Result "0-1"]
[PlyCount "100"]
[EventDate "2015.04.02"]

1. d4 c5 2. d5 d6 3. c4 Nf6 4. Nc3 g6 5. e4 Bg7 6. Nf3 O-O 7. Be2 Bg4 8. Be3
Nbd7 9. O-O a6 10. Qd2 Rb8 11. a4 Bxf3 12. Bxf3 Ne5 13. Be2 Neg4 14. Bf4 h5 15.
h3 Ne5 16. Bxe5 dxe5 17. f3 Kh7 18. Bd1 Bh6 19. Qd3 h4 20. Ne2 Nh5 21. Bc2 Qd6
22. Rad1 Rfd8 23. Qa3 b5 24. cxb5 axb5 25. Qc3 bxa4 26. Bxa4 Rb4 27. Ra1 Rdb8
28. Rfb1 c4 29. Ra2 Bg7 30. Qe3 Bh6 31. Qf2 Ng3 32. Nc3 Qf6 33. Bd1 Bf4 34. Be2
Qg5 35. Nd1 c3 36. Bd3 cxb2 37. Raxb2 Rxb2 38. Rxb2 Rxb2 39. Qxb2 Be3+ 40. Kh2
Bd4 41. Qc2 Qf4 42. Nf2 Nf1+ 43. Kg1 Ne3 44. Qd2 Nxg2 45. Qxf4 Nxf4 46. Bf1 Kg7
47. Bg2 Kf6 48. Kf1 Bxf2 49. Kxf2 Nxg2 50. Kxg2 Kg5 0-1

[Event "XII Open Primavera"]
[Site "Robecchetto con Induno ITA"]
[Date "2015.05.14"]
[Round "6"]
[White "Fadali, Mustafa"]
[Black "Zanin, Fabio"]
[WhiteElo "1866"]
[BlackElo "1656"]
[Result "1/2-1/2"]
[PlyCount "62"]
[EventDate "2015.04.02"]

1. e4 e5 2. Nf3 Nc6 3. d4 exd4 4. Bc4 Bc5 5. Ng5 Nh6 6. Nxf7 Nxf7 7. Bxf7+ Kxf7
8. Qh5+ g6 9. Qxc5 d6 10. Qb5 a6 11. Qb3+ Kg7 12. h4 Qe7 13. f3 b5 14. Bf4 Be6
15. Qd3 Rhf8 16. Qd2 Kg8 17. Bh6 Rf7 18. Bg5 Qd7 19. c3 d5 20. exd5 Qxd5 21.
cxd4 Re8 22. O-O Qxd4+ 23. Qxd4 Nxd4 24. Nc3 Kg7 25. Rad1 Nf5 26. Rd8 Rxd8 27.
Bxd8 Rd7 28. Rd1 Rxd1+ 29. Nxd1 Bxa2 30. Bxc7 Nxh4 31. Nc3 Be6 1/2-1/2

[Event "XII Open Primavera"]
[Site "Robecchetto con Induno ITA"]
[Date "2015.05.14"]
[Round "6"]
[White "Frignani, Alessandro"]
[Black "Rancati, David"]
[WhiteElo "1394"]
[BlackElo "1577"]
[Result "0-1"]
[PlyCount "64"]
[EventDate "2015.04.02"]

1. d4 Nf6 2. f3 d5 3. Bf4 e6 4. a3 Nc6 5. e3 Be7 6. Bd3 a6 7. Nc3 Na7 8. Qe2 c5
9. Qf2 Nc6 10. h4 cxd4 11. exd4 Qb6 12. O-O-O e5 13. Bg3 exd4 14. Nb1 Nh5 15.
Ne2 O-O 16. Bh2 f5 17. Rhe1 Bf6 18. Nf4 Nxf4 19. Bxf4 Bd7 20. Nc3 Qa5 21. Na2
b5 22. Bd2 Qb6 23. Nc3 Qc5 24. Na2 a5 25. Kb1 b4 26. axb4 axb4 27. Nxb4 Qa5 28.
c3 Nxb4 29. cxb4 Qa2+ 30. Kc1 Rfc8+ 31. Bc3 dxc3 32. Bc2 Qxb2# 0-1

[Event "XII Open Primavera"]
[Site "Robecchetto con Induno ITA"]
[Date "2015.05.14"]
[Round "6"]
[White "Garcia Rubi, Juan"]
[Black "Puricelli, Roberto"]
[WhiteElo "1422"]
[BlackElo "1521"]
[Result "1/2-1/2"]
[PlyCount "105"]
[EventDate "2015.04.02"]

1. e4 c5 2. Nf3 Nc6 3. d4 cxd4 4. Nxd4 e6 5. Nc3 Nf6 6. a3 Be7 7. Be3 O-O 8.
Be2 a6 9. Qd2 e5 10. Nf5 d6 11. Nxe7+ Qxe7 12. O-O-O Rd8 13. Bb6 Rd7 14. Nd5
Nxd5 15. Qxd5 Qf6 16. Be3 Ne7 17. Qb3 b5 18. h4 Bb7 19. Bg4 Rc7 20. f3 h6 21.
Rd2 Nc6 22. c3 Na5 23. Qd1 Nc4 24. Re2 Nxe3 25. Rxe3 Rd8 26. Kb1 d5 27. Rd3 d4
28. g3 Bc8 29. Bh3 Bxh3 30. Rxh3 Kh7 31. Rh2 Qb6 32. Rhd2 Rcd7 33. cxd4 Rxd4
34. Rxd4 Rxd4 35. Rxd4 exd4 36. Qd3 g6 37. b4 a5 38. bxa5 Qxa5 39. Kc2 Qa4+ 40.
Kb2 Kg8 41. Qc2 Qa5 42. Qd3 b4 43. axb4 Qxb4+ 44. Kc2 Kf8 45. f4 Ke7 46. e5
Qc5+ 47. Kb3 Qd5+ 48. Kb4 g5 49. hxg5 hxg5 50. fxg5 Qxe5 51. Kc4 Qxg5 52. Qe4+
Kf8 53. g4 1/2-1/2

[Event "XII Open Primavera"]
[Site "Robecchetto con Induno ITA"]
[Date "2015.05.14"]
[Round "6"]
[White "Giusti, Francesco"]
[Black "Nava, Mario"]
[WhiteElo "1574"]
[BlackElo "1296"]
[Result "1-0"]
[PlyCount "69"]
[EventDate "2015.04.02"]

1. e4 c5 2. Nf3 e6 3. d4 cxd4 4. Qxd4 Nc6 5. Qd1 Be7 6. Bb5 Qa5+ 7. Nc3 Bb4 8.
Bxc6 Bxc3+ 9. bxc3 Qxc3+ 10. Bd2 Qxc6 11. e5 Ne7 12. O-O O-O 13. Re1 b6 14. Bb4
Re8 15. Bxe7 Rxe7 16. Ng5 Bb7 17. f3 Qc5+ 18. Kh1 h6 19. Nh3 Rc8 20. Re2 Ba6
21. Re4 Qxc2 22. Qxc2 Rxc2 23. Ra4 Bb7 24. Rxa7 Rc7 25. Rb1 d5 26. exd6 Red7
27. dxc7 Rxc7 28. Ng1 Be4 29. Rxc7 Bxb1 30. a3 b5 31. Ne2 Bd3 32. Nc3 Bc4 33.
a4 Bd3 34. Nxb5 Kf8 35. Nd6 1-0

[Event "XII Open Primavera"]
[Site "Robecchetto con Induno ITA"]
[Date "2015.05.14"]
[Round "6"]
[White "Koureas, Panicos"]
[Black "Cunati, Valerio"]
[WhiteElo "1470"]
[BlackElo "1699"]
[Result "0-1"]
[PlyCount "66"]
[EventDate "2015.04.02"]

1. e4 c5 2. Nc3 Nc6 3. f4 d6 4. Nf3 Nf6 5. Bb5 Bd7 6. O-O e6 7. d3 Be7 8. Qe1
O-O 9. Bxc6 Bxc6 10. Qg3 Qb6 11. Kh1 Rfe8 12. Rb1 d5 13. f5 dxe4 14. dxe4 Nxe4
15. Nxe4 Bxe4 16. Bg5 exf5 17. Bxe7 Rxe7 18. Ng5 Bxc2 19. Rbc1 Qb5 20. Qf2 Re2
21. Qf3 Rd8 22. Rxc2 Rxc2 23. Qxf5 Qc4 24. Qxh7+ Kf8 25. Qf5 Rc1 26. Kg1 Rxf1+
27. Qxf1 Qxf1+ 28. Kxf1 Rd1+ 29. Ke2 Ra1 30. Ne4 Rxa2 31. Nxc5 Rxb2+ 32. Kf3 b6
33. Ne4 a5 0-1

[Event "XII Open Primavera"]
[Site "Robecchetto con Induno ITA"]
[Date "2015.05.14"]
[Round "6"]
[White "Mereghetti, Marco"]
[Black "Macchiettini, Pierangelo"]
[WhiteElo "1762"]
[BlackElo "1674"]
[Result "1/2-1/2"]
[PlyCount "28"]
[EventDate "2015.04.02"]

1. e4 c5 2. Nf3 d6 3. d4 cxd4 4. Nxd4 Nf6 5. Nc3 a6 6. Bg5 e6 7. f4 Be7 8. Qf3
Qc7 9. O-O-O Nbd7 10. g4 b5 11. Bxf6 Nxf6 12. g5 Nd7 13. h4 Bb7 14. f5 Nc5
1/2-1/2